000 00193nam a22000857a 4500
001 1237538
005 20251003111553.0
245 _aBENİM ADIM MARCO POLO
_cNURİA BARBA
260 _bALTIN KİTAPKAR
999 _c1237538
_d1237538